| 000 | 00376nam a2200145Ia 4500 | ||
|---|---|---|---|
| 008 | 220217s9999||||xx |||||||||||||| ||und|| | ||
| 020 | _a81-7808-335-3 | ||
| 082 | _a629.8 OGA | ||
| 100 | _aOgata, Katsuhiko | ||
| 245 | 0 | _aDiscrete time control systems | |
| 250 | _a2nd | ||
| 260 |
_aPearson education asia _bDelhi _c2002 |
||
| 300 | _b395 | ||
| 650 | _aCONTROL SYSTEM | ||
| 999 |
_c171502 _d171502 |
||